| 000 | 00863nam a2200181 i 4500 | ||
|---|---|---|---|
| 001 | 152673 | ||
| 003 | ES-MaACL | ||
| 005 | 20230906204834.0 | ||
| 008 | 931025m18641866sp |||| | spa d | ||
| 100 | 1 |
_aBravo y Tudela, Antonio. _931513 |
|
| 245 | 1 | 0 |
_aHistoria de la elocuencia cristiana _b: su mision en nuestros dias y medios de realizarla / _cpor Antonio Bravo y Tudela. |
| 260 |
_aMadrid : _b[s.n.], _c1864-1866 ( _fImprenta de Manuel Minuesa) |
||
| 300 |
_a3 v. (485 ; 458 ; 567 p.) ; _c22 cm. |
||
| 500 | 1 | _aEl tomo tercero se publicó con tít.: "Tratado de la predicacion cristiana, segunda parte de la Historia de la elocuencia cristiana ó sea Mision de la Palabra Santa en nuestros dias y medios de realizarla" | |
| 650 | 0 | 4 |
_aPredicación. _916342 |
| 740 | 0 | _aTratado de la predicación cristiana. | |
| 852 |
_aES-MaACL _jG-11910-12 _z-- Enc. hol. |
||
| 999 |
_c152673 _d152673 |
||